000 00475nam a2200193Ia 4500
005 20240823031540.0
008 240823s9999||||xx |||||||||||||| ||und||
020 _a978-81-204-1715-1
041 _aENGLISH
082 _A660.9 P9
100 _aBhaskara Rao B K
245 0 _aModern Petroleum Refining Processes
250 _a5th
260 _c2009
_b"Oxford & IBH , New "
500 _aYES
650 _aModern petroleum
_bMechanical
942 _cBK
999 _c191338
_d191338